00247 a2200097 4500000002500000005001700025020001800042100001200060245003400072260004300106 nam a22 7a 450020260506144834.0 a9789351246404 aNa Khan aQuestion Bank Of Biochemistry bastrAstral International Pvt Ltdc2015